000 01079cam a22002891ia4500
003 SA-RiAUC
005 20241025142016.0
008 241024s2005 le g b 000 0 ara c
020 _a9959292681
040 _aOM-MuSQU
_bara
_cSA-RiAUC
_erda
050 4 _b. H363 2005
082 0 4 _a251
_qSA-RiAUC
090 _a251
_bح س ن
100 1 _aحسنين، حسن حنفي،
_d1935-2021
_eمؤلف.
245 1 0 _aمن النص إلى الواقع :
_bمحاولة لإعادة بناء علم أصول الفقه /
_cد. حسن حنفي حسنين.
250 _aالطبعة الأولى.
264 1 _aبيروت :
_bدار المدار الإسلامي،
_c2005
300 _a2 مجلد (1343 صفحة) ؛
_c24 سم
336 _aنص
_btxt
_2rdacontent
_3كتاب
337 _aبدون وسيط
_bn
_2rdamedia
338 _aمجلد
_bnc
_2rdacarrier
504 _aببليوجرافية : صفحة 687-716.
590 _aمحمد.
650 7 _aأصول الفقه الإسلامي
_2aucsh
942 _2ddc
_cBOOK
_n0
949 _aSA-JeALM
_d241024
_umohamedma123
_n1
999 _c1699
_d1699